Doña Rosita la soltera

Tallennettuna:
Bibliografiset tiedot
Päätekijä: García Lorca, Federico
Aineistotyyppi: Kirja
Kieli:Undetermined
Julkaistu: Buenos Aires, Argentina Losada 1943
Aiheet:
Tagit: Lisää tagi
Ei tageja, Lisää ensimmäinen tagi!

MARC

LEADER 00000nam a2200000Ia 4500
008 170316s9999 xx 000 0 und d
090 |a 862 G-13d 
100 |a García Lorca, Federico 
245 |a Doña Rosita la soltera 
260 |a Buenos Aires, Argentina 
260 |b Losada 
260 |c 1943 
300 |a 127 páginas 
650 |a LITERATURA ESPAÑOLA 
999 |c 25270  |d 25270 
040 |a cru BVZT 
942 |c 15 D  |h 862 G-13d  |2 z